[Event "World Blitz 2023"]
[Site "Samarkand UZB"]
[Date "2023.12.29"]
[EventDate "2023.12.29"]
[Round "1.46"]
[Result "0-1"]
[White "Daniyal Sapenov"]
[Black "B Adhiban"]
[WhiteElo "2289"]
[BlackElo "2576"]
[PlyCount "98"]

1. e4 c5 2. Nf3 Nc6 3. Nc3 g6 4. d4 cxd4 5. Nxd4 Bg7 6. Be3 Nf6 7. Bc4 Qa5
8. O-O O-O 9. Qd2 Ng4 10. Nxc6 dxc6 11. Bf4 Be6 12. Bxe6 fxe6 13. Bg3 Rad8
14. Qe2 Ne5 15. a3 Qa6 16. Qxa6 bxa6 17. Rad1 Nc4 18. Na4 Nxb2 19. Nxb2
Bxb2 20. a4 Bd4 21. Rd3 e5 22. Rfd1 Rb8 23. c3 Bc5 24. R3d2 Rb3 25. Bxe5
Ra3 26. Bd4 Bd6 27. Bxa7 Rxa4 28. f3 Ra3 29. Rd3 a5 30. Bd4 c5 31. e5 c4
32. Re3 Bc7 33. e6 Rd8 34. h4 h5 35. g4 a4 36. gxh5 gxh5 37. Kh1 Kh7 38. f4
Ra2 39. Rg3 Bxf4 40. Rg7+ Kh6 41. Rf7 Rh2+ 42. Kg1 Rg8+ 43. Kf1 Rg4 44. Bf2
Kg6 45. Rd4 Rh1+ 46. Ke2 Bd6 47. Rxd6 exd6 48. Kf3 Rh3+ 49. Ke2 Re4+ 0-1

[Event "World Blitz 2023"]
[Site "Samarkand UZB"]
[Date "2023.12.29"]
[EventDate "2023.12.29"]
[Round "1.47"]
[Result "1-0"]
[White "Pouya Idani"]
[Black "O`gorman, Tom"]
[WhiteElo "2574"]
[BlackElo "2288"]
[PlyCount "74"]

1. e4 e5 2. Nf3 Nc6 3. Bc4 Bc5 4. b4 Bxb4 5. c3 Be7 6. d4 Na5 7. Bd3 d6 8.
dxe5 dxe5 9. Nxe5 Nf6 10. O-O O-O 11. Qc2 Be6 12. h3 c5 13. Nd2 Qc7 14.
Nef3 Nh5 15. e5 h6 16. Re1 Rad8 17. Ne4 c4 18. Bf1 f5 19. exf6 Nxf6 20. Nd4
Bd5 21. Ng3 Bc5 22. Be3 Rde8 23. Rad1 Bb6 24. Nb5 Qb8 25. Bxb6 axb6 26. Qd2
Bc6 27. Nd4 Rxe1 28. Rxe1 Re8 29. Ngf5 Rxe1 30. Qxe1 Qc7 31. Ne6 Qd7 32.
Nexg7 Be4 33. Ng3 Bg6 34. Ne6 Nc6 35. Bxc4 Bf7 36. Nf5 Kh7 37. Nf8+ 1-0

[Event "World Blitz 2023"]
[Site "Samarkand UZB"]
[Date "2023.12.29"]
[EventDate "2023.12.29"]
[Round "1.48"]
[Result "0-1"]
[White "Nikolay Averin"]
[Black "Jakhongir Vakhidov"]
[WhiteElo "2283"]
[BlackElo "2574"]
[PlyCount "108"]

1. e4 c5 2. Nf3 Nc6 3. d4 cxd4 4. Nxd4 g6 5. c4 Bg7 6. Be3 Qb6 7. Nb5 Qa5+
8. N1c3 Nf6 9. f3 O-O 10. Qd2 a6 11. Nd4 Nxd4 12. Bxd4 d6 13. Rc1 Be6 14.
b3 Rfc8 15. a4 Qb4 16. Rb1 Nd7 17. Bxg7 Kxg7 18. Nd5 Qxd2+ 19. Kxd2 Bxd5
20. exd5 a5 21. Bd3 Nc5 22. Bc2 Re8 23. Rhe1 Rad8 24. Rbd1 e5 25. dxe6 fxe6
26. f4 h6 27. h4 Rf8 28. g3 g5 29. hxg5 hxg5 30. Rh1 gxf4 31. Rh7+ Kf6 32.
gxf4 Rh8 33. Rdh1 Rxh7 34. Rxh7 Rg8 35. Rh6+ Kf7 36. Rh7+ Kf8 37. Rc7 Rg2+
38. Kc3 Rg3+ 39. Kb2 Rf3 40. Rc8+ Ke7 41. Rc7+ Kf6 42. Rc8 Rxf4 43. Ra8 b6
44. Rb8 Nd7 45. Rb7 Ke7 46. Kc3 Rf3+ 47. Kd2 Rf4 48. Ke3 Rh4 49. Be4 Kd8
50. Bc6 Nc5 51. Ra7 Rh3+ 52. Ke2 Nxb3 53. Rd7+ Kc8 54. Rxd6 Kc7 0-1

[Event "World Blitz 2023"]
[Site "Samarkand UZB"]
[Date "2023.12.29"]
[EventDate "2023.12.29"]
[Round "1.49"]
[Result "1-0"]
[White "Sabino Brunello"]
[Black "Sinisa Drazic"]
[WhiteElo "2573"]
[BlackElo "2276"]
[PlyCount "68"]

1. c4 b6 2. e4 Bb7 3. Nc3 c5 4. Nf3 Nf6 5. e5 Ne4 6. Bd3 Nxc3 7. dxc3 e6 8.
Bf4 Be7 9. h4 h6 10. Qe2 Qc7 11. O-O-O Nc6 12. Rh3 O-O-O 13. Rg3 Rdg8 14.
h5 f5 15. Rg6 Bd8 16. g4 Ne7 17. Nh4 Nc6 18. Nf3 fxg4 19. Rxg4 Rf8 20. Nd2
Rxf4 21. Rxf4 Nxe5 22. Be4 Bg5 23. Bxb7+ Kxb7 24. Re4 Nc6 25. Kc2 Rf8 26.
Nf3 Bf6 27. Qd3 Rf7 28. Rd2 Kc8 29. Re1 Rf8 30. Qe4 Be7 31. Red1 Bf6 32.
Nh4 Rd8 33. Ng6 Kb7 34. Nf8 1-0

[Event "World Blitz 2023"]
[Site "Samarkand UZB"]
[Date "2023.12.29"]
[EventDate "2023.12.29"]
[Round "1.50"]
[Result "0-1"]
[White "Khumoyun Begmuratov"]
[Black "M Amin Tabatabaei"]
[WhiteElo "2276"]
[BlackElo "2573"]
[PlyCount "62"]

1. e4 e5 2. Nf3 Nc6 3. Bb5 a6 4. Ba4 Nf6 5. d3 d6 6. c3 g6 7. O-O Bg7 8.
Re1 O-O 9. Nbd2 h6 10. Nf1 b5 11. Bb3 Na5 12. Bc2 c5 13. Ng3 Nc6 14. d4
exd4 15. cxd4 Bg4 16. dxc5 dxc5 17. Be3 Qe7 18. h3 Rad8 19. Qe2 Be6 20. b3
Nb4 21. a3 Nxc2 22. Qxc2 c4 23. b4 Rc8 24. Rad1 a5 25. Nd4 axb4 26. axb4
Bd7 27. f4 h5 28. Bf2 h4 29. Nf1 Nh5 30. f5 Rcd8 31. e5 0-1

[Event "World Blitz 2023"]
[Site "Samarkand UZB"]
[Date "2023.12.29"]
[EventDate "2023.12.29"]
[Round "1.51"]
[Result "1-0"]
[White "Robert Hovhannisyan"]
[Black "Kanan Garayev"]
[WhiteElo "2570"]
[BlackElo "2260"]
[PlyCount "198"]

1. e4 c5 2. Nf3 e6 3. d4 cxd4 4. Nxd4 Nf6 5. Nc3 Nc6 6. Be2 Bb4 7. O-O Bxc3
8. bxc3 Nxe4 9. Nxc6 dxc6 10. Qxd8+ Kxd8 11. Bf3 Nf6 12. Rd1+ Bd7 13. Bf4
Nd5 14. Bg3 b5 15. a4 Ke7 16. axb5 cxb5 17. Bxd5 exd5 18. Rxd5 Rhc8 19.
Bd6+ Ke8 20. Bb4 Be6 21. Rxb5 Rd8 22. h4 Rd5 23. c4 Rxb5 24. cxb5 Rb8 25.
Rxa7 Rxb5 26. c3 h5 27. f3 g6 28. Kf2 Rd5 29. Ke3 Rd7 30. Ra8+ Rd8 31. Ra6
Kd7 32. Kf4 Rc8 33. Kg5 Rc4 34. Rd6+ Ke8 35. Rd2 Bf5 36. g3 Be6 37. Rd3 Rc8
38. Re3 Kd7 39. Kf6 Kc6 40. Rd3 Kb5 41. Rd6 Bc4 42. Rd7 Re8 43. Be7 Be6 44.
Rb7+ Kc4 45. Rc7+ Kd3 46. Kg5 Ke2 47. f4 Kf3 48. Bf6 Kxg3 49. c4 Ra8 50. c5
Ra5 51. Be5 Kh3 52. Bd6 Ra3 53. Rb7 Rg3+ 54. Kf6 Kxh4 55. c6 Rc3 56. c7 Kg4
57. Be5 Rc6 58. Ke7 h4 59. Rb4 Bf5 60. Rb2 Be6 61. Rh2 Kf3 62. Bd6 h3 63.
Rb2 Bf5 64. Rb3+ Kg2 65. Rb2+ Kg3 66. Rb3+ Kg2 67. Rb2+ Bc2 68. Kd7 h2 69.
Kxc6 h1=Q 70. c8=Q Kg3+ 71. Kc7 Bf5 72. Qb7 Qc1+ 73. Kd8 Bh3 74. f5+ Kg4
75. fxg6 fxg6 76. Qb4+ Kh5 77. Qc5+ Qxc5 78. Bxc5 g5 79. Bd6 Kg4 80. Rb3
Bf1 81. Rg3+ Kh4 82. Ke7 g4 83. Kf6 Be2 84. Kf5 Bf3 85. Kf4 Kh5 86. Rg1 Kg6
87. Re1 Kf6 88. Re5 Bd1 89. Be7+ Kg6 90. Bh4 Bf3 91. Re6+ Kf7 92. Ke5 Kg7
93. Kf5 Bd1 94. Re7+ Kf8 95. Kf6 Bb3 96. Bg3 Ba2 97. Bd6 Kg8 98. Rg7+ Kh8
99. Rxg4 1-0

[Event "World Blitz 2023"]
[Site "Samarkand UZB"]
[Date "2023.12.29"]
[EventDate "2023.12.29"]
[Round "1.52"]
[Result "0-1"]
[White "Mikhail Markov"]
[Black "Vadim Zvjaginsev"]
[WhiteElo "2255"]
[BlackElo "2570"]
[PlyCount "120"]

1. c4 g6 2. Nf3 Bg7 3. g3 e5 4. Nc3 Ne7 5. Bg2 O-O 6. O-O d6 7. d4 Nbc6 8.
dxe5 dxe5 9. Nd5 h6 10. h3 Be6 11. e4 Nd4 12. Nxd4 exd4 13. Qc2 c6 14. Nf4
Bd7 15. Nd3 Rc8 16. f4 f5 17. e5 b6 18. b4 Be6 19. Bd2 Kh7 20. Kh2 h5 21.
a4 Ng8 22. a5 h4 23. gxh4 Qxh4 24. axb6 axb6 25. Ra7 Nh6 26. Kg1 Rf7 27.
Rfa1 Rcc7 28. Rxc7 Rxc7 29. Ne1 Nf7 30. Nf3 Qd8 31. Qd3 c5 32. b5 Qb8 33.
h4 Ra7 34. Rc1 Ra2 35. Ng5+ Nxg5 36. hxg5 Qa7 37. Bd5 Qd7 38. Bc6 Qa7 39.
Kf2 Ra3 40. Qe2 Rh3 41. Bg2 Rh5 42. Kg3 Qa3+ 43. Bf3 Kg8 44. Qf1 Rh8 45.
Ra1 Qb2 46. Ra8+ Kf7 47. Ra7+ Kg8 48. Ra8+ Kf7 49. Ra7+ Kg8 50. Qc1 Qb3 51.
Ra8+ Kf7 52. Ra7+ Kg8 53. Qa1 Rh3+ 54. Kxh3 Qxf3+ 55. Kh2 Qf2+ 56. Kh3 Qxd2
57. Ra8+ Kh7 58. Qh1 Qf2 59. Ra7 Bxc4 60. Qh2 Bf1+ 0-1

[Event "World Blitz 2023"]
[Site "Samarkand UZB"]
[Date "2023.12.29"]
[EventDate "2023.12.29"]
[Round "1.53"]
[Result "1-0"]
[White "Timur Gareyev"]
[Black "Mergen Kakabayev"]
[WhiteElo "2569"]
[BlackElo "2255"]
[PlyCount "40"]

1. c4 c6 2. Nf3 d5 3. e3 Nf6 4. Nc3 e6 5. b3 Nbd7 6. Bb2 Bd6 7. Qc2 O-O 8.
Rg1 e5 9. g4 e4 10. g5 Ne8 11. Nd4 Ne5 12. Be2 Nc7 13. O-O-O a6 14. f4 exf3
15. Nxf3 Qe7 16. c5 Bxc5 17. Nxe5 Qxe5 18. Na4 Qe7 19. Qxc5 Qxc5+ 20. Nxc5
b6 1-0

[Event "World Blitz 2023"]
[Site "Samarkand UZB"]
[Date "2023.12.29"]
[EventDate "2023.12.29"]
[Round "1.54"]
[Result "0-1"]
[White "Eldiar Orozbaev"]
[Black "Sanan Sjugirov"]
[WhiteElo "2236"]
[BlackElo "2569"]
[PlyCount "66"]

1. e4 c5 2. c3 Nf6 3. e5 Nd5 4. d4 cxd4 5. Nf3 d6 6. cxd4 dxe5 7. dxe5 g6
8. Bc4 Be6 9. O-O Bg7 10. Nd4 O-O 11. Nxe6 fxe6 12. f4 Nc6 13. Nc3 Qb6+ 14.
Kh1 Nc7 15. Qe2 Rad8 16. b3 Nd5 17. Ne4 Nd4 18. Qg4 Nf5 19. Qh3 h6 20. Qg4
Qd4 21. Qe2 Qxa1 22. Bb2 Qxf1+ 23. Qxf1 Nde3 24. Bxe6+ Kh8 25. Qg1 Rd1 26.
h3 Rfd8 27. g4 Nh4 28. Qxd1 Rxd1+ 29. Kh2 Nf1+ 30. Kg1 Ng3+ 31. Kf2 Nxe4+
32. Ke3 Re1+ 33. Kd3 Nc5+ 0-1

[Event "World Blitz 2023"]
[Site "Samarkand UZB"]
[Date "2023.12.29"]
[EventDate "2023.12.29"]
[Round "1.55"]
[Result "1-0"]
[White "Daniel Dardha"]
[Black "Harold Wanyama"]
[WhiteElo "2568"]
[BlackElo "2228"]
[PlyCount "48"]

1. Nf3 d5 2. g3 Nf6 3. Bg2 c5 4. O-O Nc6 5. d4 e6 6. c4 dxc4 7. Qa4 cxd4 8.
Nxd4 Qxd4 9. Bxc6+ Bd7 10. Rd1 Bxc6 11. Qxc6+ bxc6 12. Rxd4 Rd8 13. Rxc4
Rd1+ 14. Kg2 c5 15. Nc3 Rd4 16. Rxd4 cxd4 17. Nb5 Bc5 18. Bf4 Ke7 19. Rc1
Bb6 20. Nxa7 Ra8 21. Nc8+ Rxc8 22. Rxc8 Nd5 23. Bd2 g6 24. a4 1-0

[Event "World Blitz 2023"]
[Site "Samarkand UZB"]
[Date "2023.12.29"]
[EventDate "2023.12.29"]
[Round "1.56"]
[Result "0-1"]
[White "Almas Rakhmatullaev"]
[Black "Henriquez Villagra, Cristobal"]
[WhiteElo "2218"]
[BlackElo "2568"]
[PlyCount "72"]

1. e4 c5 2. Nf3 Nc6 3. Bb5 e6 4. O-O Nge7 5. Re1 a6 6. Bf1 Ng6 7. c3 Be7 8.
d4 cxd4 9. cxd4 d5 10. exd5 exd5 11. h3 O-O 12. Nc3 Be6 13. Be3 Rc8 14. Rc1
Na5 15. Nd2 b5 16. Bd3 Nc4 17. Nxc4 bxc4 18. Bf1 Bd6 19. Na4 Rb8 20. b3 Ba3
21. Ra1 Qa5 22. Bd2 Bb4 23. Bxb4 Rxb4 24. Nc5 Bc8 25. a3 Rb6 26. bxc4 dxc4
27. Bxc4 Rd6 28. Qf3 Rf6 29. Qe3 Nh4 30. f4 Nf5 31. Qd3 Nd6 32. Rf1 Bf5 33.
Qe2 Re8 34. Qa2 Qc3 35. Rac1 Qxd4+ 36. Kh1 0-1

[Event "World Blitz 2023"]
[Site "Samarkand UZB"]
[Date "2023.12.29"]
[EventDate "2023.12.29"]
[Round "1.57"]
[Result "1/2-1/2"]
[White "David Paravyan"]
[Black "Mukhammadali Abdurakhmonov"]
[WhiteElo "2566"]
[BlackElo "2214"]
[PlyCount "90"]

1. e4 c5 2. Nf3 Nc6 3. Nc3 e6 4. d4 cxd4 5. Nxd4 Qc7 6. Nxc6 bxc6 7. Bd3
Nf6 8. Qe2 d5 9. exd5 cxd5 10. Nb5 Qb8 11. g3 Bd6 12. Nxd6+ Qxd6 13. Bf4
Qb6 14. Be5 a5 15. O-O-O Ba6 16. Rhe1 Bxd3 17. Rxd3 O-O 18. Bxf6 gxf6 19.
Qg4+ Kh8 20. Qf4 Qd8 21. g4 Rb8 22. Rh3 Rg8 23. Rh6 Rg6 24. Rxg6 hxg6 25.
Qh6+ Kg8 26. Re3 Qf8 27. Qxf8+ Kxf8 28. Rc3 Rb4 29. f3 f5 30. h3 Ke7 31. b3
Kd6 32. Kd2 Rb8 33. f4 Rh8 34. gxf5 gxf5 35. a3 Rh4 36. Rf3 Kc5 37. Kc3 d4+
38. Kd3 f6 39. b4+ axb4 40. axb4+ Kd5 41. c4+ dxc3 42. Kxc3 e5 43. fxe5
fxe5 44. Rxf5 Rxh3+ 45. Kc2 1/2-1/2

[Event "World Blitz 2023"]
[Site "Samarkand UZB"]
[Date "2023.12.29"]
[EventDate "2023.12.29"]
[Round "1.58"]
[Result "0-1"]
[White "Rojas Salas, Steven"]
[Black "S L Narayanan"]
[WhiteElo "2210"]
[BlackElo "2564"]
[PlyCount "42"]

1. d4 Nf6 2. c4 e6 3. Nc3 Bb4 4. e3 O-O 5. Bd3 d5 6. a3 Bxc3+ 7. bxc3 dxc4
8. Bxc4 c5 9. Nf3 Qa5 10. Bd2 Qc7 11. Qe2 Nc6 12. O-O e5 13. h3 e4 14. Ne1
Bf5 15. Ba2 Rad8 16. Nc2 Rfe8 17. Rfc1 Qd7 18. Qf1 h5 19. Be1 Nh7 20. c4
Ng5 21. h4 0-1

[Event "World Blitz 2023"]
[Site "Samarkand UZB"]
[Date "2023.12.29"]
[EventDate "2023.12.29"]
[Round "1.59"]
[Result "0-1"]
[White "Gadir Guseinov"]
[Black "Sumiya Chinguun"]
[WhiteElo "2563"]
[BlackElo "2200"]
[PlyCount "128"]

1. e4 c5 2. Nc3 Nc6 3. Bb5 Nd4 4. Nf3 a6 5. Bd3 Nc6 6. O-O d6 7. Re1 e5 8.
Bc4 Be7 9. d3 Nf6 10. Bg5 O-O 11. a3 Bg4 12. h3 Bh5 13. Bxf6 Bxf6 14. Nd5
b5 15. Ba2 Bxf3 16. Qxf3 Bg5 17. c3 Ne7 18. a4 bxa4 19. Bc4 Nxd5 20. Bxd5
Rb8 21. Qe2 Qb6 22. Ra2 a3 23. b3 Qa5 24. Qc2 Bd8 25. Rea1 Qb5 26. Rxa3 a5
27. Rf1 Kh8 28. Ra2 f5 29. exf5 Rxf5 30. Qe2 Rf4 31. g3 Rf8 32. Kg2 Qd7 33.
Ra4 c4 34. Rxc4 Rxb3 35. h4 Rb8 36. Rg4 a4 37. Ra1 Bb6 38. Bf3 d5 39. Raxa4
e4 40. dxe4 Qxa4 41. exd5 Qd7 42. Qe5 Bc7 43. Qd4 Rf6 44. h5 Rbf8 45. h6
Rxh6 46. Be2 Bb6 47. Rf4 Rxf4 48. Qxf4 Rf6 49. Qb8+ Qd8 50. Qxd8+ Bxd8 51.
f4 Bb6 52. Kf3 Kg8 53. Ke4 Kf8 54. Bg4 Ke7 55. Be6 Kd6 56. g4 Rf8 57. g5
Ra8 58. f5 Ra4+ 59. Kd3 Rf4 60. c4 Bd8 61. g6 hxg6 62. fxg6 Bf6 63. Bf7
Rd4+ 64. Kc3 Rxd5+ 0-1

[Event "World Blitz 2023"]
[Site "Samarkand UZB"]
[Date "2023.12.29"]
[EventDate "2023.12.29"]
[Round "1.60"]
[Result "0-1"]
[White "Miraziz Kuziev"]
[Black "V Pranav"]
[WhiteElo "2196"]
[BlackElo "2562"]
[PlyCount "78"]

1. d4 Nf6 2. c4 e6 3. Nc3 Bb4 4. e3 O-O 5. Bd2 b6 6. Nf3 Bb7 7. Bd3 d6 8.
Qc2 Nbd7 9. O-O e5 10. Ng5 g6 11. a3 Bxc3 12. Bxc3 Qe7 13. d5 Nc5 14. Nh3
Bc8 15. f3 Bxh3 16. gxh3 Nh5 17. Be2 Qg5+ 18. Kf2 Ng7 19. b4 Nd7 20. Qe4
Nf6 21. Qd3 Rae8 22. e4 Nfh5 23. Bd2 Qh4+ 24. Kg2 f5 25. Rf2 fxe4 26. Qxe4
Nf4+ 27. Bxf4 exf4 28. Qd3 Nf5 29. Bf1 Re3 30. Qd2 Rfe8 31. Kg1 Qg5+ 32.
Rg2 Qf6 33. Rd1 Nh4 34. Rf2 Nxf3+ 35. Rxf3 Rxf3 36. Bg2 Rfe3 37. Rf1 f3 38.
Qc2 Qd4 39. Rd1 Re1# 0-1

[Event "World Blitz 2023"]
[Site "Samarkand UZB"]
[Date "2023.12.29"]
[EventDate "2023.12.29"]
[Round "1.61"]
[Result "1-0"]
[White "Maksim Chigaev"]
[Black "Shahruh Turayev"]
[WhiteElo "2561"]
[BlackElo "2168"]
[PlyCount "74"]

1. e4 e6 2. d3 d5 3. Nd2 Nf6 4. Ngf3 dxe4 5. dxe4 Bc5 6. Bb5+ Bd7 7. Bd3
Nc6 8. O-O e5 9. Nc4 Qe7 10. c3 a6 11. b4 Ba7 12. a4 Bg4 13. h3 Bh5 14. b5
Nd8 15. Ncxe5 axb5 16. Ba3 Bc5 17. Bxb5+ c6 18. Bxc5 Qxc5 19. Be2 O-O 20.
Qc2 Ne6 21. Rab1 Ra7 22. Rb4 Nf4 23. Bd1 Re8 24. Nd3 Nxd3 25. Qxd3 Bg6 26.
Re1 b5 27. axb5 Ra2 28. Qd4 Qxd4 29. cxd4 cxb5 30. Bb3 Ra5 31. e5 Ne4 32.
Nh4 Nc3 33. Nxg6 hxg6 34. Re3 Ra1+ 35. Kh2 Nb1 36. Re1 Rd8 37. Bc2 1-0

[Event "World Blitz 2023"]
[Site "Samarkand UZB"]
[Date "2023.12.29"]
[EventDate "2023.12.29"]
[Round "1.62"]
[Result "1-0"]
[White "Haowen Xue"]
[Black "Rinat Jumabayev"]
[WhiteElo "2155"]
[BlackElo "2561"]
[PlyCount "46"]

1. c4 e5 2. Nc3 Bb4 3. Nf3 Nc6 4. e4 a5 5. Nd5 Bc5 6. Nxe5 Nf6 7. Nf3 Nxe4
8. d4 Bb4+ 9. Nxb4 Nxb4 10. a3 Qe7 11. Be3 Nc6 12. d5 Ne5 13. Qd4 Nxf3+ 14.
gxf3 Nf6 15. Rg1 O-O 16. O-O-O Kh8 17. Bd3 Re8 18. Rxg7 Kxg7 19. Rg1+ Kh8
20. Bg5 Ra6 21. c5 Qe5 22. Qh4 Rg8 23. Bxf6+ 1-0

[Event "World Blitz 2023"]
[Site "Samarkand UZB"]
[Date "2023.12.29"]
[EventDate "2023.12.29"]
[Round "1.63"]
[Result "0-1"]
[White "Robert Ruck"]
[Black "David Akhmedov"]
[WhiteElo "2561"]
[BlackElo "2154"]
[PlyCount "90"]

1. Nf3 Nf6 2. c4 g6 3. d4 Bg7 4. g3 O-O 5. Bg2 d6 6. O-O Nbd7 7. Nc3 e5 8.
e4 Re8 9. h3 c6 10. Re1 Qc7 11. Be3 b6 12. Qd2 Bb7 13. Rad1 a6 14. a3 Rad8
15. Bg5 Rc8 16. Rc1 Qb8 17. Bh6 Bh8 18. Bg5 b5 19. cxb5 cxb5 20. d5 Nc5 21.
Qd1 Bg7 22. b4 Ncd7 23. Be3 Rc7 24. Nd2 Rec8 25. Qb3 Ne8 26. Qb2 f5 27. Nb3
f4 28. Bd2 fxg3 29. fxg3 Nef6 30. Na5 Nh5 31. Kh2 Nb6 32. Bf3 Nf6 33. Be3
Nc4 34. Nxc4 Rxc4 35. Be2 R4c7 36. Rf1 Rf7 37. Kg2 Qc7 38. Nxb5 Qd7 39.
Rxc8+ Bxc8 40. Nc3 Qxh3+ 41. Kf2 Nxe4+ 42. Ke1 Qxg3+ 43. Kd1 Rxf1+ 44. Bxf1
Qxe3 45. Nxe4 Qxe4 0-1

[Event "World Blitz 2023"]
[Site "Samarkand UZB"]
[Date "2023.12.29"]
[EventDate "2023.12.29"]
[Round "1.64"]
[Result "0-1"]
[White "Khalil Nafri"]
[Black "Mikhail Kobalia"]
[WhiteElo "2151"]
[BlackElo "2558"]
[PlyCount "110"]

1. e4 c5 2. Nf3 e6 3. d4 cxd4 4. Nxd4 Nc6 5. Nc3 a6 6. Be2 d6 7. Be3 Nf6 8.
O-O Bd7 9. f4 Be7 10. Bf3 Rc8 11. Nxc6 Bxc6 12. Qd3 O-O 13. Rad1 Qc7 14. g4
b5 15. g5 Nd7 16. a3 Rfe8 17. Bg2 Nb6 18. f5 Bf8 19. g6 Nc4 20. Bc1 hxg6
21. fxg6 fxg6 22. Rf3 Ne5 23. Qe3 Nxf3+ 24. Qxf3 Be7 25. Qg3 Bf6 26. Qxg6
Rf8 27. Rd3 Qf7 28. Qg3 Be5 29. Qh4 Qf6 30. Qe1 a5 31. Be3 b4 32. axb4 axb4
33. Ne2 Bb5 34. Rd2 Bxe2 35. Rxe2 Bxb2 36. Qxb4 Be5 37. Qe1 Ra8 38. Rf2
Qxf2+ 39. Bxf2 Ra1 40. Qxa1 Bxa1 41. Bg3 Be5 42. Bxe5 dxe5 43. Bh3 Kf7 44.
Bf1 Rd8 45. Bd3 Kf6 46. Kg2 Kg5 47. Kg3 Rd7 48. Bc4 Rd4 49. Bd3 Rb4 50. h4+
Kf6 51. Kg4 Rb1 52. Kg3 Rg1+ 53. Kh3 g5 54. Kh2 Rg4 55. hxg5+ 0-1

[Event "World Blitz 2023"]
[Site "Samarkand UZB"]
[Date "2023.12.29"]
[EventDate "2023.12.29"]
[Round "1.65"]
[Result "1/2-1/2"]
[White "Denis Lazavik"]
[Black "Ernur Amangeldy"]
[WhiteElo "2556"]
[BlackElo "2144"]
[PlyCount "206"]

1. d4 Nf6 2. c4 e6 3. Nc3 d5 4. cxd5 exd5 5. Bg5 Be7 6. e3 h6 7. Bh4 O-O 8.
Bd3 Bg4 9. Nge2 c6 10. O-O a5 11. h3 Be6 12. Nf4 Na6 13. Rc1 Nc7 14. Bg3
Bd6 15. Qd2 Qe7 16. f3 Rad8 17. a3 Bc8 18. Nfe2 Rfe8 19. Bxd6 Rxd6 20. e4
dxe4 21. fxe4 Rdd8 22. e5 Nd7 23. Qe3 c5 24. Bc4 cxd4 25. Nxd4 Nxe5 26. Ba2
Kh8 27. Nce2 Nd5 28. Qg3 Nf6 29. Rce1 Qc5 30. Qc3 Qxc3 31. bxc3 Kg8 32. Nf4
Nc6 33. Rxe8+ Rxe8 34. Nxc6 bxc6 35. Nd3 Ba6 36. Rd1 Bxd3 37. Rxd3 Re2 38.
Rd8+ Kh7 39. Bxf7 Rc2 40. Rd3 c5 41. Be6 g6 42. Rf3 Kg7 43. Rd3 Ne4 44. c4
Kf6 45. Bd5 Rc1+ 46. Kh2 Rh1+ 47. Kxh1 Nf2+ 48. Kh2 Nxd3 49. Kg3 Ke5 50.
Kf3 Ne1+ 51. Ke2 Nc2 52. a4 Nb4 53. Bf7 g5 54. Ke3 Na2 55. Be8 Nb4 56. Bf7
Nc2+ 57. Kd2 Nd4 58. Ke3 Nf5+ 59. Kf3 Nd6 60. Bg8 h5 61. g3 Kd4 62. h4 gxh4
63. gxh4 Nf5 64. Bf7 Nxh4+ 65. Kf2 Nf5 66. Bxh5 Kxc4 67. Bf7+ Kb4 68. Ke2
Kxa4 69. Kd3 Kb4 70. Kc2 Nd6 71. Bd5 Nb5 72. Kd3 Nd6 73. Kc2 c4 74. Be6 Nb5
75. Bf7 Nd4+ 76. Kb2 a4 77. Bg6 a3+ 78. Ka2 Nb5 79. Bf7 Nc3+ 80. Ka1 Ne2
81. Bh5 Nd4 82. Kb1 Kc3 83. Ka2 Kb4 84. Kb1 Nb5 85. Bf7 Nc3+ 86. Ka1 Ne2
87. Bh5 Nd4 88. Kb1 Kb3 89. Bd1+ Kc3 90. Ka2 Kb4 91. Kb1 Ne6 92. Bh5 Nc5
93. Ka2 Ne4 94. Bg6 Nf6 95. Bf7 Ne4 96. Bxc4 Nc3+ 97. Ka1 Na4 98. Bg8 Nb6
99. Ka2 Na4 100. Ka1 Nc3 101. Bf7 a2 102. Bxa2 Nxa2 103. Kxa2 1/2-1/2

[Event "World Blitz 2023"]
[Site "Samarkand UZB"]
[Date "2023.12.29"]
[EventDate "2023.12.29"]
[Round "1.66"]
[Result "0-1"]
[White "Roman Shogdzhiev"]
[Black "Alexander Moiseenko"]
[WhiteElo "2117"]
[BlackElo "2556"]
[PlyCount "98"]

1. e4 c5 2. Nf3 Nc6 3. Bb5 e6 4. Bxc6 bxc6 5. b3 f6 6. O-O Nh6 7. d4 Nf7 8.
Ba3 cxd4 9. Bxf8 Kxf8 10. Nxd4 e5 11. Ne2 d5 12. exd5 cxd5 13. f4 g6 14.
fxe5 fxe5 15. Nbc3 Bb7 16. Ng3 Kg7 17. Qd2 Rf8 18. Rad1 Qb6+ 19. Kh1 Rad8
20. Rde1 Qc6 21. Nce2 h5 22. Kg1 h4 23. Nh1 d4 24. Nc1 h3 25. Ng3 Qxg2+ 26.
Qxg2 hxg2 27. Rf2 Ng5 28. Rxg2 Nf3+ 29. Kf2 Nxe1+ 30. Kxe1 Bxg2 31. Nd3
Rde8 32. Kd2 e4 33. Ne1 e3+ 34. Ke2 Rf2+ 35. Kd3 Rd2+ 36. Kc4 Be4 37. c3
Rd1 38. Nxe4 Rxe4 39. Nf3 d3+ 40. Kd5 Re8 41. Ng5 e2 42. Ne6+ Rxe6 43. Kxe6
e1=Q+ 44. Kd7 Qxc3 45. h4 Qf6 46. h5 Re1 47. h6+ Kh7 48. b4 Re7+ 49. Kc8
Qf8# 0-1

[Event "World Blitz 2023"]
[Site "Samarkand UZB"]
[Date "2023.12.29"]
[EventDate "2023.12.29"]
[Round "1.67"]
[Result "0-1"]
[White "Manuel Petrosyan"]
[Black "Daler Vakhidov"]
[WhiteElo "2556"]
[BlackElo "2110"]
[PlyCount "44"]

1. d4 Nf6 2. Nf3 g6 3. Bf4 Bg7 4. e3 O-O 5. h3 d6 6. Be2 c5 7. O-O Qb6 8.
Nc3 cxd4 9. exd4 Qxb2 10. Nb5 Na6 11. a3 Bf5 12. Ne1 Rfc8 13. c4 Nc7 14. a4
Nxb5 15. axb5 Ne4 16. Rb1 Qxd4 17. Qxd4 Bxd4 18. Bd3 Nc3 19. Bxf5 gxf5 20.
Rb2 Rxc4 21. Nf3 Bf6 22. Bh6 0-1

[Event "World Blitz 2023"]
[Site "Samarkand UZB"]
[Date "2023.12.29"]
[EventDate "2023.12.29"]
[Round "1.68"]
[Result "0-1"]
[White "Felix Xie"]
[Black "Ter-Sahakyan, Samvel"]
[WhiteElo "2107"]
[BlackElo "2556"]
[PlyCount "112"]

1. e4 c5 2. Nf3 d6 3. Bb5+ Nd7 4. Ba4 Nf6 5. O-O e6 6. Re1 Be7 7. c3 O-O 8.
d4 a6 9. Nbd2 cxd4 10. cxd4 b5 11. Bc2 Bb7 12. Nf1 Re8 13. Ng3 e5 14. Be3
Bf8 15. d5 g6 16. h3 a5 17. Bd3 Ba6 18. Qe2 Qb8 19. a4 Be7 20. Rec1 Bd8 21.
Bxb5 Bxb5 22. axb5 Bb6 23. Bd2 Nc5 24. Ra3 a4 25. Bb4 Nfd7 26. Nf1 Ba5 27.
Qc4 Nb6 28. Qc3 Nxe4 29. Qe1 Bxb4 30. Qxb4 Nc5 31. Ne3 Qb7 32. Rd1 Qe7 33.
Rc3 Rac8 34. Qa5 Qb7 35. Qb4 Qe7 36. Nc4 Nxc4 37. Rxc4 Rb8 38. Rxc5 dxc5
39. Qxa4 e4 40. Nd2 e3 41. fxe3 Qxe3+ 42. Kh1 Qg3 43. Qc4 Re1+ 44. Rxe1
Qxe1+ 45. Nf1 Qb4 46. Qxb4 cxb4 47. Ne3 Rxb5 48. Kg1 f5 49. g3 Kf7 50. Kf2
Kf6 51. d6 Ke6 52. Nc4 Rc5 53. b3 Rxc4 54. bxc4 Kxd6 55. Ke3 Kc5 56. Kd3 g5
0-1

[Event "World Blitz 2023"]
[Site "Samarkand UZB"]
[Date "2023.12.29"]
[EventDate "2023.12.29"]
[Round "1.69"]
[Result "1-0"]
[White "Aydin Suleymanli"]
[Black "Faustino Oro"]
[WhiteElo "2553"]
[BlackElo "2105"]
[PlyCount "76"]

1. e4 e5 2. Nf3 Nf6 3. Nxe5 d6 4. Nf3 Nxe4 5. Nc3 Nf6 6. d4 Be7 7. h3 O-O
8. Bd3 d5 9. O-O Re8 10. Re1 c6 11. Bg5 Nbd7 12. Qd2 Nf8 13. a3 Be6 14. Ne5
N6d7 15. Bxe7 Rxe7 16. f4 f6 17. Nf3 Bf7 18. f5 Rxe1+ 19. Rxe1 Qc7 20. Ne2
Re8 21. Kf2 c5 22. c3 b6 23. g4 Qd6 24. h4 Nb8 25. Nf4 Rxe1 26. Kxe1 Nc6
27. g5 Ne7 28. Kf2 Qd7 29. Ng2 Nxf5 30. gxf6 gxf6 31. Qf4 Be6 32. h5 cxd4
33. cxd4 Kf7 34. Bxf5 Bxf5 35. Ne3 Ne6 36. Qxf5 Kg7 37. h6+ Kg8 38. Nxd5
1-0

[Event "World Blitz 2023"]
[Site "Samarkand UZB"]
[Date "2023.12.29"]
[EventDate "2023.12.29"]
[Round "1.70"]
[Result "0-1"]
[White "Mustafokhuja Khusenkhojaev"]
[Black "Denis Khismatullin"]
[WhiteElo "2082"]
[BlackElo "2552"]
[PlyCount "82"]

1. d4 Nf6 2. c4 e6 3. g3 c5 4. d5 exd5 5. cxd5 d6 6. Nc3 g6 7. Bg2 Bg7 8.
Nf3 O-O 9. O-O Re8 10. Bf4 h6 11. h4 Bf5 12. Re1 Ne4 13. Qc1 Kh7 14. Nxe4
Bxe4 15. Nd2 Bxg2 16. Kxg2 Nd7 17. Nc4 Nf6 18. Nxd6 Re7 19. Qxc5 b6 20. Qa3
Nxd5 21. e3 Nxf4+ 22. exf4 Rxe1 23. Rxe1 Bf8 24. Qb3 Qxd6 25. Qxf7+ Bg7 26.
Re7 Rg8 27. Re6 Qd5+ 28. Kh2 Qf5 29. Qe7 Rf8 30. Rc6 Rf7 31. Qe8 Qd7 32.
Qe4 Rf6 33. Rc2 Qf5 34. Qc4 h5 35. Re2 Rf7 36. Re8 Qd7 37. Qe4 Bf6 38. Ra8
Kg7 39. Rb8 Qd4 40. Qe2 Qxb2 41. Qe3 Bd4 0-1